Statistiques concernant Trouve les pays

Cliquez ici pour prendre le quiz!

Statistiques générales

  • Ce quiz a été pris 114 fois
    (45 depuis la dernière actualisation)
  • Le résultat moyen est 13 sur 56

Statistiques - réponses

ContinentIndicePays% Correct
AsieDictatureCorée du nord
93%
AsieLe "stan" le plus démocratiqueKirghizistan
55%
AfriquePays en ZZambie
55%
AfriqueDernier pays par ordre alphabétiqueZimbabwe
53%
AmériqueCommençant par un "N"Nicaragua
48%
AfriqueBien au centre de l'afriqueCentrafrique
43%
Asie2 noms différentsMyanmar
43%
AmériqueRihanaBarbade
40%
AfriqueZanzibar appartient à la...Tanzanie
40%
AmériqueSan...Salvador
38%
Afrique4 lettresMali
35%
OcéanieKoh lanta 2020Fidji
33%
AmériqueLong à écrire (Mais il y a pire)Saint Christophe et niévès
33%
AsieDouchanbeTadjikistan
33%
AfriquePiratesSomalie
30%
AfriqueEssaye de se frayer un chemin auprès du sénégalGambie
28%
Afriqueinverse de Vie/ Adjectif possessif/ maison de l'oiseauMauritanie
28%
Océanie"petites iles"Micronesie
28%
AmériquePrénom fémininDominique
25%
AfriquePays très desertiqueLibye
25%
OcéanieCapitale: HoniaraSalomon
25%
AfriquePays commençant par 2 consonnesTchad
25%
AfriqueSopranoComores
23%
Amériquele plus pauvre d'amériqueHaiti
23%
Océanieplus petite république au mondeNauru
23%
AfriqueBel oiseau sur le drapeauOuganda
23%
Afriqueen 2 motsSierra Leone
23%
AfriqueSon "frère" du nord n'est pas dans le quizSoudan du sud
23%
AfriqueWeahLibéria
20%
Océanieparfois appelé "Belau"Palaos
20%
AfriqueSitué au large de la Guinée EquatorialeSao tomé et principe
20%
AfriquePlus petit pays d'afriqueSeychelles
20%
OcéaniePays qui va peut être disparaitreTuvalu
20%
OcéaniePays très étenduKiribati
18%
AfriqueCote est de l'AfriqueMozambique
18%
OcéaniePays avec le plus de langue parléesPapouasie nouvelle guinée
18%
AsiePortugaisTimor oriental
18%
OcéaniePays le plus heureux du mondeVanuatu
18%
Océanierugby/croix du sud/the rockSamoa
15%
OcéanieRugby/monarchieTonga
15%
AfriqueBlaise MatuidiAngola
13%
AfriqueAlex, Marty, Gloria, MelmaneMadagascar
13%
OcéanieBikiniMarshall
13%
AsieRoute de la soieOuzbekistan
13%
AfriqueAnciennement françaisDjibouti
10%
AmériqueExplosionGrenade
10%
AfriqueUne des trois monarchie d'afriqueLesotho
10%
AmériqueDe andre AytonBahamas
8%
AfriqueLa "suisse" de l'afriqueBotswana
8%
AsieLe moins riche de cette riche région...Yemen
8%
AfriqueXavier de SavoieBurundi
5%
AfriqueIsaias Afwerki est présidentErythrée
5%
AfriquePas le plus long, ni le plus courtGuinée Bissau
5%
AmériqueRecifBelize
3%
AsieChevalTurkmenistan
3%
AfriqueHasardGuinée Equatoriale
0%

Distribution des résultats

Percentile par nombre de réponses

% des personnes avec chaque résultat

Votre développement - résultats

Vous n’avez pas pris ce quiz depuis la dernière actualisation